|
|
|
|
| LEADER |
00000nab a2200000uu 4500 |
| 001 |
vtls011431093 |
| 003 |
SK-MaSNL |
| 005 |
20260303183006.0 |
| 008 |
230313|2011 xo |||||||||||||||||slo| |
| 015 |
|
|
|a SNBRB
|
| 035 |
|
|
|a (urnnbn)urn:nbn:sk:snk:ar-0002l2
|
| 035 |
|
|
|a (uuid)fb323059-309a-4d04-bc94-85b2fff90fc4
|
| 035 |
|
|
|a urn:nbn:sk:snk-ab6moo
|
| 040 |
|
|
|a SNKBUCL
|b slo
|c SNKBUCL
|e AACR2
|
| 041 |
0 |
|
|a slo
|
| 044 |
|
|
|a xo
|c SK
|
| 100 |
1 |
|
|a Komanická, Ivana,
|d 1973-
|4 aut
|9 182074
|
| 245 |
1 |
0 |
|a Experiment mal mobilizovať experimentálne umenie
|b rozhovor s Milanom Adamčiakom
|c Ivana Komanická
|
| 773 |
0 |
|
|t Romboid
|g Roč. 46, č. 9-10 (2011), s. 105-108
|
| 958 |
|
|
|a OND
|
| 958 |
|
|
|a EUIPO
|
| 958 |
|
|
|a article16
|
| 999 |
|
|
|c 2118946
|d 2120876
|